Представление документа в формате RUSMARC

ПолеНазваниеЗначение
  Тип записи a
  Библиографический уровень a
001 Контрольный номер RU/CBS_UL/BASE/02590de9b91d4375bf9812e8860ff681
005 Дата корректировки 20240322093129.1
100 Данные общей обработки __
a Данные общей обработки 20240322 ||| 0rusy0189 ca
101 Язык документа 0_
a Язык текста rus
102 Страна публикации __
a Страна публикации RU
200 Заглавие и сведения об ответственности 1_
a Заглавие Применение метода sand-art при подготовке детей к обучению в школе
e Сведения, относящиеся к заглавию [использование метода песочного рисования Sand-art при подготовки детей к школе]
f Первые сведения об ответственности О. Никитина, М. Булгакова, А. Степанова
300 Общие примечания __
a Общие примечания 0+
461 Уровень набора _0
1 2000
a Дошкольная педагогика
463 Уровень физической единицы _0
1 2000
a № 10
v С. 6-8
1 2101
d 2023
1 001RU/CBS_UL/BASE/d907b02e1ad94eb394cc34d355b74a1c
606 Тематические рубрики 0_
a Основная рубрика Дошкольная педагогика - Подготовка дошкольников к школе
610 Ключевые слова 0_
a Ключевые слова дошкольная педагогика
610 Ключевые слова 0_
a Ключевые слова дошкольное воспитание
610 Ключевые слова 0_
a Ключевые слова sand-art (песочная терапия)
610 Ключевые слова 0_
a Ключевые слова песочное рисование
610 Ключевые слова 0_
a Ключевые слова песочная терапия
610 Ключевые слова 0_
a Ключевые слова подготовка детей к школе
686 Индексы других классификаций __
2 Код системы rubbk
a Классификационный индекс 74.102
700 Автор _1
a Фамилия Никитина
b Имя (инициалы) О.
701 Альтернативная интеллектуальная ответственность _1
a Фамилия Булгакова
b Имя (инициалы) М.
701 Альтернативная интеллектуальная ответственность _1
a Фамилия Степанова
b Имя (инициалы) А.
801 Источник записи _0
a Страна RU
b Организация МБУК ЦБС г. Ульяновска
c Дата составления 20240322
g Правила каталогизации RCR
801 Источник записи _1
a Страна RU
b Организация МБУК ЦБС г. Ульяновска
c Дата составления 20240322
g Правила каталогизации RCR
901 Тип документа __
t Тип документа b
w Контрольный № источника RU/CBS_UL/BASE/d907b02e1ad94eb394cc34d355b74a1c
909 Создатель записи __
a Создатель записи oibd1